00758 a2200169 45000010006000000050017000060080041000230030015000640400040000790800022001192450062001412640049002033000019002525050283002711000015005547000019005692835220260407155555.0260407a1968 arg spa dAR-UNSa-BCEJYS aAR-UNSa-BCEJYSbspacAR-UNSa-BCEJYS a657xContabilidad10aManual de Contabilidad Generalpprincipios y aplicaciones 1aMadrid :bIberico Europea de Edicionesc1968 a648 p.c23 cm. aParte I: Principios fundamentales de la contabilidad general - Parte II: Cierre del ejercicio y reapertura - Parte III: Liquidación de la empresa - Parte IV: Nociones de organizacion contable - Parte V: Nociones sobre el estudio de situación y sobre el estudio de gestión.1 aGanier, P.1 aLanda, Jesús